Music Quiz

Random Music or Classical Quiz

Classical Composers Quiz Stats

 Plays Quiz Updated Jul 17, 2018

Score 0/100 Timer 10:00
21 Plays Today
rank composer % Correct
1.Wolfgang Amadeus Mozart
97.8%
3.Ludwig van Beethoven
97.4%
2.Johann Sebastian Bach
96.3%
90.Carl Philipp Emmanuel Bach
96%
7.Peter Ilyich Tchaikovsky
81.6%
8.George Frideric Handel
79.6%
13.Frédéric Chopin
79.2%
5.Johannes Brahms
78.3%
4.Franz Schubert
74%
11.Richard Wagner
73%
15.Franz Joseph Haydn
72.9%
17.Antonio Vivaldi
70.6%
16.Franz Liszt
70%
12.Claude Debussy
69.8%
6.Giuseppe Verdi
69.6%
9.Robert Schumann
68.8%
21t.Richard Strauss
67.9%
35.Johann Strauss Jr.
67.9%
34.Igor Stravinsky
64.6%
21t.Sergei Rachmaninov
64.5%
14.Giacomo Puccini
62.3%
19.Antonín Dvořák
61.3%
10.Felix Mendelssohn
60.5%
18.Maurice Ravel
60.1%
31.Edvard Grieg
60%
20.Gioachino Rossini
58.3%
32.Gustav Mahler
56.7%
27.Dmitri Shostakovich
55.5%
41.Ralph Vaughan Williams
55.4%
33.Edward Elgar
55%
25.Sergei Prokofiev
54.1%
57.Aaron Copland
54.1%
42.George Gershwin
53.8%
39.Jean Sibelius
52.6%
rank composer % Correct
23.Georges Bizet
51.1%
40.Nikolai Rimsky-Korsakov
50.8%
36.Hector Berlioz
50.3%
45.Modest Mussorgsky
50%
24.Camille Saint-Saëns
48.8%
71t.Gustav Holst
48.3%
44.Béla Bartók
47%
37t.Benjamin Britten
46.9%
60.Leonard Bernstein
45.7%
29.Gabriel Fauré
42.9%
46.Henry Purcell
42.3%
47.Carl Maria von Weber
41.9%
65.Claudio Monteverdi
40.1%
69.Johann Pachelbel
39.8%
48.Georg Philipp Telemann
39.3%
84.Arnold Schoenberg
39%
68.Niccolò Paganini
38.3%
71t.Alexander Borodin
38.1%
51.Anton Bruckner
37.6%
66.Bedrich Smetana
35.5%
54.Jacques Offenbach
35.1%
58.Samuel Barber
34.6%
61.Domenico Scarlatti
34.4%
67.Erik Satie
34.3%
26.Gaetano Donizetti
34.2%
37t.Vincenzo Bellini
32.7%
53.Christoph Willibald Gluck
32.4%
100.Arcangelo Corelli
32.2%
43.César Franck
31.1%
55.Francis Poulenc
30.2%
28.Charles Gounod
29.8%
89.Max Bruch
29.3%
78.Leoš Janáček
28.8%
30.Jules Massenet
28.8%
rank composer % Correct
64.Paul Hindemith
27.6%
83.William Byrd
26.8%
76.Alexander Scriabin
26.5%
87.Tomaso Albinoni
25.7%
93t.Aram Khachaturian
25.5%
99.Hugo Wolf
25.2%
98.Carl Nielsen
25.2%
79.Léo Delibes
24.8%
59.Heitor Villa-Lobos
24.8%
52.Manuel de Falla
24.8%
63.Isaac Albéniz
24.5%
88.William Walton
24.1%
92.Ottorino Respighi
24%
85.Olivier Messiaen
23.1%
50.Ruggero Leoncavallo
21.3%
49.Pietro Mascagni
21.1%
80.Joaquin Rodrigo
21%
96.Alexander Glazunov
20.7%
82.Luigi Boccherini
20.5%
56.Giacomo Meyerbeer
20.3%
70.Enrique Granados
19.5%
97.John Dowland
19.2%
81.Franz Lehár
18.9%
91.Ambroise Thomas
18.2%
75.Max Reger
17%
86.Fritz Kreisler
16.9%
93t.Bohuslav Martinů
16.6%
74.Astor Piazzolla
16.5%
71t.Amilcare Ponchielli
14.7%
77.Franz Xaver Gruber
14.5%
95.Francesco Cilea
13.7%
62.Umberto Giordano
13.5%

You're not logged in!

Compare scores with friends on all Sporcle quizzes.
OR
Log In

Sporcle TV

Today on Sporcle TV


Watch our educational content, quiz creation guides, and fun videos on Sporcle TV.

Show Comments

Extras

Top Quizzes Today


Score Distribution

Your Account Isn't Verified!

In order to create a playlist on Sporcle, you need to verify the email address you used during registration. Go to your Sporcle Settings to finish the process.

Report this User

Report this user for behavior that violates our Community Guidelines.

Details: